000 00638nam a2200253Ia 4500
005 20250425162319.0
008 250425s9999 xx 000 0 und d
020 _a9978340017
041 _aspa
043 _aec
082 _a080
100 _aPEREZ GUERRERO, ALFREDO
245 0 _aCATEDRA AL VIENTO
250 _a1A ED.
260 _aEcuador
_bUNIVERSIDAD ALFREDO PÉREZ GUERRERO
_c2005
260 _aS.L.
300 _a193
500 _aCOLECCION EDUCACION Y LIBERTAD TOMO I
650 _aENSAYOS LITERARIOS
650 _aLITERATURA
710 _aUNIVERSIDAD ALFREDO PEREZ GUERRERO
942 _c01
010 _a61164
999 _c226678
_d226678